000
00288nam a22001337a 4500
008
210302b ||||| |||| 00| 0 eng d
020
_a
2900495802661
041
_a
eng
080
_2
3th
_a
32
100
_a
19
101
_a
SHP
245
_a
Women & Politics
_c
Ford,E.L
942
_2
udc
_c
BK
999
_c
55447
_d
55447